| 000 | 01181nam a2200289 i 4500 | ||
|---|---|---|---|
| 003 | DO-SdBNP | ||
| 005 | 20250129132339.0 | ||
| 007 | ta | ||
| 008 | 230927e19991995dr abc|| |||| 00| m spa d | ||
| 040 |
_aDO-SdBNP _bspa _cBNPHU _erda |
||
| 082 | 4 |
_a460.071 _bM777g _222 |
|
| 100 | 1 |
_aMontenegro, Liliana, _973770 _eautor |
|
| 245 | 1 | 0 |
_a!Cuenta conmigo! : _bespañol 7 guía didáctica / _cLiliana Montenegro, Ana M. Haché de Yunén ; ilustrador, Marta de Olloqui ; fotografías, Domingo Batista |
| 246 | 1 | 3 |
_aEspañol 7°: _bgüía didáctica |
| 264 | 1 |
_aSanto Domingo : _bPUCMM-EDUCA/PIPE, _c[190?]. |
|
| 300 |
_a118 páginas : _bIlustraciones, mapas, retratos ; _c26 cm. |
||
| 336 |
_atexto _btxt _2rdacontent |
||
| 337 |
_asin mediación _bn _2rdamedia |
||
| 338 |
_avolumen _bnc _2rdacarrier |
||
| 500 | _aIncluye glosario página 118 | ||
| 590 | _aInventariado 2023 / MF | ||
| 700 | 1 |
_aHaché de Yunén, Ana M., _eautor _4aut. _984280 |
|
| 700 | 1 |
_aOlloqui, Marta de, _eilustrador _4il. _983687 |
|
| 700 | 1 |
_aBatista, Domingo, _d1946- _efotógrafo _4fot _943004 |
|
| 710 |
_aRepública Dominicana _bSecretaría de Estado de Educación, Bellas Artes y Cultos _957502 |
||
| 942 |
_2ddc _cLBS1 |
||
| 999 |
_c54962 _d54962 |
||